00787nam a2200193 a 450000100100000000500170001000800410002704000250006808200190009310000310011224500830014326000540022630000350028049000850031550400430040050400290044370000360047283000850050800002641320200930030217.0091019s1968 sp ab 001 0 spa d aDO-SdBNPbspacBNPHU a910.133bG347u1 aGeorge, Pierred1859-1891.10aLa unión soviética /cPierre George ; traducido por J. Ortega Valcárcel. aBilbao, (España) :bEdiciones Moretón,c1968. a157 p. :bil., mapas ;c17 cm.1 aPanorama de la geografía universal ;aBiblioteca de divulgación culturalv19 aIncluye notas al pie de las páginas. aBibliografías: p. 157-1 aOrtega Valcárcel, Joséetr. 0aPanorama de la geografía universal ;pBiblioteca de divulgación culturalv19